Java : (Include CD) (Record no. 176957)
[ view plain ]
| 000 -LEADER | |
|---|---|
| fixed length control field | 01672 a2200265 4500 |
| 003 - CONTROL NUMBER IDENTIFIER | |
| control field | Nust |
| 005 - DATE AND TIME OF LATEST TRANSACTION | |
| control field | 20170207152537.0 |
| 010 ## - LIBRARY OF CONGRESS CONTROL NUMBER | |
| LC control number | 2007003109 |
| 020 ## - INTERNATIONAL STANDARD BOOK NUMBER | |
| International Standard Book Number | 8178083434 |
| 020 ## - INTERNATIONAL STANDARD BOOK NUMBER | |
| International Standard Book Number | 9780132222204 |
| 035 ## - SYSTEM CONTROL NUMBER | |
| System control number | (OCoLC)ocm80181222 |
| 040 ## - CATALOGING SOURCE | |
| Transcribing agency | Nust |
| 082 00 - DEWEY DECIMAL CLASSIFICATION NUMBER | |
| Classification number | 005.133 |
| 100 1# - MAIN ENTRY--PERSONAL NAME | |
| Personal name | Deitel,&Deitel |
| 245 10 - TITLE STATEMENT | |
| Title | Java : (Include CD) |
| Remainder of title | how to program / |
| Statement of responsibility, etc. | P.J.Deitel, H.M.Deitel. |
| 250 ## - EDITION STATEMENT | |
| Edition statement | 3rd ed. |
| 260 ## - PUBLICATION, DISTRIBUTION, ETC. | |
| Place of publication, distribution, etc. | Upper Saddle River, N.J. : |
| Name of publisher, distributor, etc. | Pearson Prentice Hall, |
| Date of publication, distribution, etc. | c2007. |
| 300 ## - PHYSICAL DESCRIPTION | |
| Extent | xliv,1355 p. : |
| Other physical details | ill. ; |
| Dimensions | 24 cm + |
| Accompanying material | 1 CD-ROM (4 3/4 in.). |
| 440 #0 - SERIES STATEMENT/ADDED ENTRY--TITLE | |
| Title | How to program series |
| 505 ## - FORMATTED CONTENTS NOTE | |
| Formatted contents note | Introduction to Computers, the Internet and the Web(Page-1), Introduction to Java Applications (Page-35), Introduction to Java Applets (Page-76), Control Structures: Part 1(Page-112), Control Structures: Part 2 (Page-157), Methods (Page-202), Arrays (Page-268), Object-Based Programming (Page-324), Object-Oriented Programming (Page-384), Strings and Characters (Page-455), Graphics and Java 2D (Page-513), Basic Graphical User Interface Components (Page-556), Advanced Graphical User Interfaces (Page-625), Exception Handling (Page-698), Multithreading (Page-733), Multimedia: Images, Animation, Audio and Video (Page-774), Files and Streams (Page-817), Java Database Connectivity (JDBC) (Page-886), Servlets (Page-935), Remote Method Invocation (RMI) (Page-980), Networking (Page-1002), Data Structures (Page-1051), Java Utilities Package and Bit Manipulation (Page-1101), Collections (Page-1150), Java Beans(Page-1184), |
| 538 ## - SYSTEM DETAILS NOTE | |
| System details note | Almeria No 5 Shelf No 4 |
| 650 #0 - SUBJECT ADDED ENTRY--TOPICAL TERM | |
| Topical term or geographic name entry element | Java (Computer program language) |
| 651 ## - SUBJECT ADDED ENTRY--GEOGRAPHIC NAME | |
| Geographic name | (Include CD) |
| 700 1# - ADDED ENTRY--PERSONAL NAME | |
| Personal name | Deitel, Paul J. |
| 942 ## - ADDED ENTRY ELEMENTS (KOHA) | |
| Source of classification or shelving scheme | |
| Koha item type | Book |
| Withdrawn status | Lost status | Source of classification or shelving scheme | Damaged status | Not for loan | Collection code | Permanent Location | Current Location | Date acquired | Total Checkouts | Full call number | Barcode | Date last seen | Price effective from | Koha item type |
|---|---|---|---|---|---|---|---|---|---|---|---|---|---|---|
| Military College of Signals (MCS) | Military College of Signals (MCS) | 12/12/2016 | 005.133 DEI | MCS30342 | 12/08/2016 | 12/12/2016 | Book |
